Narcisismo y Publicidad : un análisis psicosocial de los ideales del consumo en la contemporaneidad /

Gardado en:
Detalles Bibliográficos
Autor Principal: Severiano, María de Fátima V. (autor)
Formato: Libro
Idioma:Lingua castelá
Publicado: Buenos Aires, Argentina : Siglo XXI, 2005, c2005
Series:(Sociología Siglo XXI)
Temas:
Etiquetas: Engadir etiqueta
Sen Etiquetas, Sexa o primeiro en etiquetar este rexistro!

MARC

LEADER 00000nam^a2200000^a^4500
001 000193003
005 20250521000000.0
009 20260310102626.671
020 |a 987-1013-33-7 
037 |a Acervo ITESO - Biblioteca 
041 |a ESP 
082 |a 302.  |b SEV 
100 |a Severiano, María de Fátima V.  |e (autor) 
245 1 0 |a Narcisismo y Publicidad :  |b un análisis psicosocial de los ideales del consumo en la contemporaneidad /  |c M.F.V. Severiano. 
264 4 |a Buenos Aires, Argentina :  |b Siglo XXI,  |c 2005, c2005 
300 |a 234 p. 
336 |a texto  |b txt  |2 rdacontenido 
337 |a sin mediación  |b n  |2 rdamedio 
338 |a volumen  |b nc  |2 rdasoporte 
440 1 |a (Sociología Siglo XXI) 
649 |a XX 
650 |a Narcisismo 
650 |a Publicidad -  |x Tema Principal 
650 |a Consumo 
650 |a Industria Cultural 
650 |a Capitalismo 
650 |a Sociedad Postindustrial 
650 |a Psicología Social -  |x Tema Principal 
910 |a Fondo General 
920 |a Impresos - Libros 
930 |a Colección General 
905 |a 101 
901 |a 0500137432  |b IT1  |c ACC  |u 20250521 
902 |a https://opac.biblio.iteso.mx/vufind/Record/000193003